| 000 | 01089nam a22002057a 4500 | ||
|---|---|---|---|
| 008 | 100329s2005 jo|||||r|||| 000 0 ara d | ||
| 082 |
_222 _a333.910956 _bع ض ا |
||
| 100 |
_913288 _aالعضايلة، محمد عادل |
||
| 245 |
_aالصراع على المياه فى الشرق الأوسط: _bالحرب والسلام / _cتأليف عادل محمد العضايلة |
||
| 260 |
_aعمان : _bدار الشروق ، 2005 _c2005 |
||
| 300 |
_a407 ص : _bخرائط; _c24 سم |
||
| 500 | _aيشتمل على جداول | ||
| 504 | _aيحتوي على ببليوجرافية ص397-407 | ||
| 650 |
_913289 _aالنزاع العربي الإسرائيلي _zالأردن |
||
| 650 |
_913290 _aالنزاع العربي الإسرائيلي _zمصر |
||
| 650 |
_913291 _aاستهلاك المياه |
||
| 650 |
_913292 _aالمياه _vقوانين وتشريعات |
||
| 942 |
_2ddc _cBB |
||
| 999 |
_c13826 _d13826 |
||